[Event "RUS-ch U20"]
[Site "Ekaterinburg"]
[Date "2024.04.12"]
[Round "6"]
[White "Grebnev, Aleksey"]
[Black "Pingin, Artem"]
[Result "1/2-1/2"]
[WhiteElo "2550"]
[BlackElo "2409"]
[PlyCount "95"]
[EventDate "2024.04.07"]
[EventType "tourn"]
[EventRounds "9"]
[EventCountry "RUS"]
[EventCategory "7"]
[SourceTitle "CB16_2024"]
[SourceDate "2024.04.17"]
[SourceVersion "1"]
[SourceVersionDate "2024.04.17"]
[SourceQuality "1"]

1. e4 c5 2. Nf3 d6 3. d4 cxd4 4. Nxd4 Nf6 5. Nc3 a6 6. h3 e6 7. g4 h6 8. Bg2 Be7 9. Be3 Nc6 10. f4 Nd7 11. 0-0 0-0 12. a4 Nxd4 13. Qxd4 e5 14. fxe5 Nxe5 15. Nd5 Be6 16. Nxe7+ Qxe7 17. b3 Rac8 18. c4 Rfd8 19. a5 Rd7 20. Qd2 f6 21. Rad1 Bf7 22. Bb6 Kh7 23. Qf4 Re8 24. Rd2 Bg6 25. Rfd1 Qe6 26. Rd4 Nf7 27. Kh2 Rde7 28. Rd5 Qc8 29. Re1 Kh8 30. h4 Bh7 31. Kg3 Kg8 32. Bd4 Re6 33. Re3 g5 34. hxg5 hxg5 35. Qf2 Bxe4 36. Bxe4 Rxe4 37. Rxe4 Rxe4 38. Qf5 Qxf5 39. gxf5 Kg7 40. Kf2 Rf4+ 41. Kg2 Rg4+ 42. Kf3 Rh4 43. Kg2 Rh8 44. Bc3 Re8 45. Kf3 Rh8 46. Kg2 Re8 47. Kf3 Rh8 48. Ke4 1/2-1/2

[Event "RUS-ch U20"]
[Site "Ekaterinburg"]
[Date "2024.04.11"]
[Round "5"]
[White "Kulaev, Maxim"]
[Black "Grebnev, Aleksey"]
[Result "1/2-1/2"]
[WhiteElo "2341"]
[BlackElo "2550"]
[PlyCount "108"]
[EventDate "2024.04.07"]
[EventType "tourn"]
[EventRounds "9"]
[EventCountry "RUS"]
[EventCategory "7"]
[SourceTitle "CB16_2024"]
[SourceDate "2024.04.17"]
[SourceVersion "1"]
[SourceVersionDate "2024.04.17"]
[SourceQuality "1"]

1. d4 Nf6 2. c4 e6 3. Nf3 d5 4. Nc3 dxc4 5. e4 b5 6. Nxb5 Nxe4 7. Qa4 c6 8. Nc3 Nxc3 9. bxc3 Ba6 10. Bxc4 Bxc4 11. Qxc4 Bd6 12. 0-0 0-0 13. Rd1 Qc7 14. Qd3 Nd7 15. g3 h6 16. c4 Qa5 17. Bd2 Qa6 18. Be3 Nf6 19. c5 Qxd3 20. Rxd3 Bc7 21. Rb1 Nd5 22. Bd2 f6 23. Rb7 Rfb8 24. Rdb3 Kf8 25. Kf1 g5 26. h4 Ke8 27. hxg5 hxg5 28. Ke2 Kd7 29. Rxb8 Rxb8 30. Rxb8 Bxb8 31. g4 Bc7 32. Kd3 Kc8 33. Ng1 Kb7 34. Ne2 Ka6 35. Kc4 Ba5 36. Bc1 Be1 37. f4 Bh4 38. fxg5 Bxg5 39. Bxg5 fxg5 40. Ng1 Ne3+ 41. Kb4 Nd5+ 42. Kb3 Nf6 43. Nf3 Nxg4 44. Nxg5 e5 45. dxe5 Nxe5 46. Ne4 Kb5 47. a4+ Ka5 48. Nd6 Nd3 49. Nb7+ Ka6 50. Nd8 Nxc5+ 51. Kc4 Nxa4 52. Nxc6 Nb2+ 53. Kb3 Kb6 54. Nxa7 Kxa7 1/2-1/2

[Event "RUS-ch U20"]
[Site "Ekaterinburg"]
[Date "2024.04.08"]
[Round "2"]
[White "Grebnev, Aleksey"]
[Black "Khubukshanov, Erdem"]
[Result "1/2-1/2"]
[WhiteElo "2550"]
[BlackElo "2381"]
[PlyCount "120"]
[EventDate "2024.04.07"]
[EventType "tourn"]
[EventRounds "9"]
[EventCountry "RUS"]
[EventCategory "7"]
[SourceTitle "CB16_2024"]
[SourceDate "2024.04.17"]
[SourceVersion "1"]
[SourceVersionDate "2024.04.17"]
[SourceQuality "1"]

1. Nf3 d5 2. c4 e6 3. g3 Nf6 4. Bg2 Bd6 5. 0-0 0-0 6. d4 Nc6 7. Nc3 dxc4 8. Qa4 e5 9. Qxc4 exd4 10. Nxd4 Nxd4 11. Qxd4 Qe7 12. Bf4 Bc5 13. Qa4 c6 14. Rac1 h6 15. a3 Rd8 16. b4 Bb6 17. Qc2 Be6 18. Na4 Bd5 19. Nxb6 Bxg2 20. Nxa8 Bxf1 21. Rxf1 Rxa8 22. Be3 a5 23. Qc5 Qe6 24. bxa5 Qh3 25. f3 Re8 26. Rf2 Rd8 27. Qc2 Rd5 28. Bd2 h5 29. e4 Rd7 30. Bg5 Nh7 31. Be3 Nf8 32. Rf1 Ng6 33. Rd1 Ne5 34. Qe2 h4 35. Bf4 Ng6 36. Bb8 Qe6 37. gxh4 Nxh4 38. Bg3 Ng6 39. Rxd7 Qxd7 40. a6 bxa6 41. Qxa6 Qd1+ 42. Kf2 Qd4+ 43. Ke2 Qb2+ 44. Kd3 Qb3+ 45. Kd4 Qxf3 46. a4 c5+ 47. Kxc5 Qxe4 48. Qc6 Qe3+ 49. Kb5 Nf8 50. a5 Ne6 51. Qc4 Nd4+ 52. Ka6 Nb3 53. Qd5 Qc3 54. Qd8+ Kh7 55. Qd5 Kg6 56. Qe4+ f5 57. Qe6+ Qf6 58. Qb6 Nxa5 59. Kxa5 Qxb6+ 60. Kxb6 Kh5 1/2-1/2

[Event "RUS-ch U20"]
[Site "Ekaterinburg"]
[Date "2024.04.07"]
[Round "1"]
[White "Tsvetkov, Andrey1"]
[Black "Grebnev, Aleksey"]
[Result "1-0"]
[WhiteElo "2423"]
[BlackElo "2550"]
[PlyCount "97"]
[EventDate "2024.04.07"]
[EventType "tourn"]
[EventRounds "9"]
[EventCountry "RUS"]
[EventCategory "7"]
[SourceTitle "CB16_2024"]
[SourceDate "2024.04.17"]
[SourceVersion "1"]
[SourceVersionDate "2024.04.17"]
[SourceQuality "1"]

1. d4 Nf6 2. c4 e6 3. Nf3 d5 4. Nc3 c5 5. cxd5 cxd4 6. Qxd4 exd5 7. e4 dxe4 8. Qxd8+ Kxd8 9. Ng5 Be6 10. Nxe6+ fxe6 11. Bg5 h6 12. Bxf6+ gxf6 13. 0-0-0+ Ke7 14. Nxe4 f5 15. Nd6 Bg7 16. Bc4 Nd7 17. Rhe1 Ne5 18. Bxe6 Kxe6 19. f4 Rhd8 20. fxe5 Rd7 21. Rd2 Rc7+ 22. Rc2 Rxc2+ 23. Kxc2 b6 24. Kb3 a6 25. a4 Rd8 26. Re2 Rd7 27. Kb4 Rc7 28. Nc4 Bf8+ 29. Kb3 Bc5 30. Nd2 Rg7 31. h3 f4 32. Nf3 Be3 33. Kc4 h5 34. Kd3 Kd5 35. b4 Rg8 36. Rc2 Rg7 37. a5 bxa5 38. bxa5 Rb7 39. Rc8 Rb3+ 40. Kc2 Ra3 41. Rd8+ Ke6 42. Rd6+ Ke7 43. Rxa6 Ra2+ 44. Kd3 Rxg2 45. Nh4 Rd2+ 46. Ke4 Bc5 47. Nf5+ Kd7 48. Kxf4 Rf2+ 49. Ke4 1-0

[Event "Yerevan Margaryan Memorial GM"]
[Site "Yerevan"]
[Date "2024.01.13"]
[Round "6"]
[White "Movahed, Sina"]
[Black "Grebnev, Aleksey"]
[Result "1/2-1/2"]
[WhiteElo "2450"]
[BlackElo "2535"]
[PlyCount "268"]
[EventDate "2024.01.08"]
[EventType "tourn"]
[EventRounds "9"]
[EventCountry "ARM"]
[EventCategory "8"]
[SourceTitle "CB04_2024"]
[SourceDate "2023.10.16"]
[SourceVersion "1"]
[SourceVersionDate "2023.10.16"]
[SourceQuality "1"]

1. e4 c5 2. Nf3 d6 3. d4 cxd4 4. Nxd4 Nf6 5. Nc3 a6 6. Bd3 e5 7. Nde2 Be7 8. 0-0 0-0 9. Ng3 Bg4 10. Be2 Be6 11. Be3 g6 12. a4 Nbd7 13. a5 h5 14. Re1 Re8 15. h3 Rc8 16. Qd2 Qc7 17. Bg5 Qc5 18. Ra4 Qc6 19. Ra3 Kh7 20. Rd1 Qc5 21. Ra4 Qc6 22. Ra3 Qc5 23. Qc1 Qc6 24. Bf3 Bd8 25. Nf1 b6 26. axb6 Bxb6 27. Ne3 Bc5 28. Ra4 Bd4 29. Ra3 Bc5 30. Ra1 Bd4 31. Ne2 Bc5 32. Ng3 Qb6 33. Ngf1 a5 34. c3 Ra8 35. g4 hxg4 36. hxg4 Rab8 37. Rd2 Kg7 38. Bh6+ Kh7 39. Kg2 Ng8 40. Bg5 f6 41. Bh4 Ne7 42. Re2 Kg7 43. Bg3 Rh8 44. Nd5 Nxd5 45. exd5 Bf7 46. Ne3 Qb5 47. c4 Qb6 48. Qd2 Ra8 49. Qd1 Bd4 50. Nc2 Bxb2 51. Rb1 Qb3 52. Qf1 a4 53. Be4 Nc5 54. Re3 Qb6 55. Qe2 Rhb8 56. Na3 Nxe4 57. Rxe4 Qc5 58. Rxb2 Qxa3 59. Rxb8 Rxb8 60. g5 Qc1 61. gxf6+ Kg8 62. Qg4 a3 63. Qh3 Qg5 64. Re1 Qxf6 65. Ra1 Rb3 66. Bh4 Rxh3 67. Bxf6 Rc3 68. Be7 Rxc4 69. Rxa3 Bxd5+ 70. Kg3 Rc6 71. Ra7 Be6 72. Kh4 Bf5 73. Kg5 d5 74. Bf6 e4 75. Be5 Rc2 76. Bd6 Rc6 77. Bb4 d4 78. Kh6 g5+ 79. Kxg5 Bh3 80. Kf4 Bg2 81. Rd7 d3 82. Ke3 Bf3 83. Bd2 Rh6 84. Rc7 Rh3 85. Ra7 Kf8 86. Kd4 Rh5 87. Ke3 Ke8 88. Rc7 Rf5 89. Rg7 Kf8 90. Rh7 Kg8 91. Rh3 Kf7 92. Rh6 Kg7 93. Rh4 Rd5 94. Rh3 Kg6 95. Rg3+ Kf5 96. Rg1 Rd7 97. Rg3 Rh7 98. Bc3 Rh6 99. Bd2 Rh5 100. Bc3 Ke6 101. Bd2 Rf5 102. Bc3 Kd5 103. Bd2 Kc4 104. Rg1 Kb3 105. Rb1+ Ka2 106. Rb6 Bg2 107. Be1 Rf7 108. Rg6 Bf3 109. Rb6 Rf8 110. Bc3 Rc8 111. Bd2 Rd8 112. Rf6 Kb3 113. Rb6+ Kc4 114. Rb4+ Kc5 115. Rb7 Rh8 116. Rc7+ Kd6 117. Rg7 Rh5 118. Rg6+ Kc5 119. Rg8 Rh3 120. Rg3 Rh7 121. Rg8 Rf7 122. Rg3 Kc4 123. Rg1 Kb3 124. Rb1+ Kc2 125. Rc1+ Kb2 126. Rc8 Bg4 127. Rc6 Bf5 128. Rb6+ Kc2 129. Rc6+ Kb3 130. Rc3+ Kb2 131. Rc6 Bh7 132. Rb6+ Kc2 133. Rc6+ Kb3 134. Rb6+ Kc4 1/2-1/2

[Event "Yerevan Margaryan Memorial GM"]
[Site "Yerevan"]
[Date "2024.01.11"]
[Round "4"]
[White "Davtyan, Arsen"]
[Black "Grebnev, Aleksey"]
[Result "1/2-1/2"]
[WhiteElo "2392"]
[BlackElo "2535"]
[PlyCount "49"]
[EventDate "2024.01.08"]
[EventType "tourn"]
[EventRounds "9"]
[EventCountry "ARM"]
[EventCategory "8"]
[SourceTitle "CB04_2024"]
[SourceDate "2023.10.16"]
[SourceVersion "1"]
[SourceVersionDate "2023.10.16"]
[SourceQuality "1"]

1. d4 Nf6 2. c4 e6 3. Nf3 d5 4. g3 dxc4 5. Bg2 Bb4+ 6. Bd2 c5 7. Bxb4 cxb4 8. Ne5 0-0 9. a3 Nd5 10. Nxc4 Qc7 11. Ne5 Nc6 12. Nxc6 bxc6 13. 0-0 Rd8 14. Nd2 Ba6 15. Nb3 bxa3 16. Rxa3 Bb5 17. Qc2 a5 18. Rc1 a4 19. Nc5 Nb6 20. Qe4 Nc4 21. Ra2 Nd2 22. Qe3 Nc4 23. Qe4 Nd2 24. Qe3 Nc4 25. Qe4 1/2-1/2

[Event "Wch Blitz"]
[Site "Samarkand"]
[Date "2023.12.30"]
[Round "20"]
[White "Grebnev, Aleksey"]
[Black "Vrolijk, Liam"]
[Result "1-0"]
[WhiteElo "2525"]
[BlackElo "2566"]
[PlyCount "93"]
[EventDate "2023.12.29"]
[EventType "swiss (blitz)"]
[EventRounds "21"]
[EventCountry "UZB"]
[SourceTitle "CB01_2024"]
[SourceDate "2024.01.03"]
[SourceVersion "1"]
[SourceVersionDate "2024.01.03"]
[SourceQuality "1"]

1. d4 Nf6 2. c4 e6 3. Nc3 Bb4 4. e3 0-0 5. Bd2 d5 6. Nf3 b6 7. cxd5 exd5 8. Bd3 Re8 9. 0-0 Bd6 10. Nb5 Bf8 11. Ne5 a6 12. Nc3 c5 13. f4 Bb7 14. Be1 cxd4 15. exd4 Ne4 16. Nxe4 dxe4 17. Bc4 Bd5 18. Qb3 Bxc4 19. Qxc4 Ra7 20. Rc1 b5 21. Qc3 Qd5 22. a3 Nd7 23. Bf2 Nb6 24. Rfe1 Raa8 25. Qc6 Qxc6 26. Rxc6 Nd5 27. Bg3 e3 28. Kf1 f6 29. Nf3 Re4 30. Ke2 b4 31. axb4 Nxb4 32. Rc4 Nd5 33. Rec1 Rb8 34. R1c2 Bd6 35. Rc8+ Rxc8 36. Rxc8+ Kf7 37. f5 Bxg3 38. hxg3 Rg4 39. Rc5 Ne7 40. Kxe3 Rxg3 41. Kf2 Rg4 42. Ra5 Rf4 43. Rxa6 Nxf5 44. g3 Rg4 45. Ra7+ Kg6 46. Ra6 Nxg3 47. Ne5+ 1-0

[Event "Wch Blitz"]
[Site "Samarkand"]
[Date "2023.12.30"]
[Round "18"]
[White "Iturrizaga Bonelli, Eduardo"]
[Black "Grebnev, Aleksey"]
[Result "1-0"]
[WhiteElo "2600"]
[BlackElo "2525"]
[PlyCount "54"]
[EventDate "2023.12.29"]
[EventType "swiss (blitz)"]
[EventRounds "21"]
[EventCountry "UZB"]
[SourceTitle "CB01_2024"]
[SourceDate "2024.01.03"]
[SourceVersion "1"]
[SourceVersionDate "2024.01.03"]
[SourceQuality "1"]

1. c4 c5 2. Nf3 Nf6 3. Nc3 Nc6 4. g3 g6 5. Bg2 Bg7 6. 0-0 0-0 7. d4 cxd4 8. Nxd4 Qa5 9. e3 d6 10. Bd2 Qb6 11. Re1 Bg4 12. Qb3 Qc7 13. Rac1 Rac8 14. Nxc6 bxc6 15. Qa3 Qd7 16. e4 Rb8 17. Be3 Bh3 18. f3 Bxg2 19. Kxg2 Rb7 20. b3 Qc7 21. c5 Nd7 22. cxd6 exd6 23. Nd5 Qd8 24. Rxc6 Ne5 25. Rxd6 Qb8 26. Rc1 Kh8 27. Qa6 Nd3 1-0

[Event "Wch Blitz"]
[Site "Samarkand"]
[Date "2023.12.29"]
[Round "4"]
[White "Grebnev, Aleksey"]
[Black "Brunello, Sabino"]
[Result "1-0"]
[WhiteElo "2525"]
[BlackElo "2500"]
[PlyCount "79"]
[EventDate "2023.12.29"]
[EventType "swiss (blitz)"]
[EventRounds "21"]
[EventCountry "UZB"]
[SourceTitle "CB01_2024"]
[SourceDate "2024.01.03"]
[SourceVersion "1"]
[SourceVersionDate "2024.01.03"]
[SourceQuality "1"]

1. d4 Nf6 2. c4 e6 3. Nc3 d5 4. cxd5 Nxd5 5. e4 Nxc3 6. bxc3 c5 7. Rb1 cxd4 8. cxd4 Nc6 9. Bb5 Bd7 10. Nf3 Bb4+ 11. Bd2 Bxd2+ 12. Qxd2 0-0 13. 0-0 a6 14. Bd3 b5 15. d5 exd5 16. exd5 Ne7 17. d6 Ng6 18. Rfe1 Qf6 19. Bxg6 hxg6 20. Ne5 Rfd8 21. Rbd1 Rac8 22. h3 Qf5 23. Qa5 Re8 24. Nxd7 Rxe1+ 25. Rxe1 Qxd7 26. Qxa6 Rd8 27. Rd1 Kh7 28. Qb6 Rc8 29. Qd4 Rc6 30. Qd5 Ra6 31. Rd4 Kg8 32. h4 Kh7 33. h5 Kh6 34. hxg6 Kxg6 35. Qe4+ Kf6 36. Qh4+ g5 37. Qh6+ Kf5 38. Rd5+ Ke4 39. Qxg5 Qe6 40. d7 1-0

[Event "Wch Blitz"]
[Site "Samarkand"]
[Date "2023.12.29"]
[Round "5"]
[White "Tari, Aryan"]
[Black "Grebnev, Aleksey"]
[Result "1/2-1/2"]
[WhiteElo "2623"]
[BlackElo "2525"]
[PlyCount "249"]
[EventDate "2023.12.29"]
[EventType "swiss (blitz)"]
[EventRounds "21"]
[EventCountry "UZB"]
[SourceTitle "CB01_2024"]
[SourceDate "2024.01.03"]
[SourceVersion "1"]
[SourceVersionDate "2024.01.03"]
[SourceQuality "1"]

1. e4 c5 2. Nc3 Nc6 3. f4 g6 4. Nf3 Bg7 5. Bb5 Nd4 6. 0-0 Nxb5 7. Nxb5 a6 8. Nc3 d6 9. Qe1 b5 10. d3 Bb7 11. f5 Nf6 12. Qh4 Qd7 13. Bh6 Bxh6 14. Qxh6 gxf5 15. Ng5 b4 16. Ne2 Rg8 17. Rxf5 0-0-0 18. Qh3 Rg7 19. Ng3 Rdg8 20. Nf3 Kb8 21. Qh6 Rg6 22. Qd2 e6 23. Rg5 Qc7 24. Rf1 Nd7 25. Rxg6 hxg6 26. Ng5 Ne5 27. Qf4 Rd8 28. b3 Rd7 29. h3 a5 30. Qf6 Ka7 31. Ne2 d5 32. exd5 Bxd5 33. Nf4 Bb7 34. Re1 Nc6 35. Nf3 Kb6 36. Re2 Qd8 37. Qxd8+ Rxd8 38. Kh2 Nd4 39. Nxd4 Rxd4 40. Rf2 Rd7 41. g4 g5 42. Nh5 a4 43. Nf6 Rc7 44. Nh7 f5 45. Nxg5 fxg4 46. hxg4 Rg7 47. Nxe6 Rxg4 48. Nf4 axb3 49. axb3 Rg7 50. Re2 Rh7+ 51. Kg3 Rg7+ 52. Kf2 Rf7 53. Ke3 Kb5 54. Rh2 Re7+ 55. Kd2 Rf7 56. Ne6 Bd5 57. Ng5 Rf5 58. Nh7 Bg8 59. Rh6 Rf2+ 60. Kc1 Bxh7 61. Rxh7 Rf1+ 62. Kb2 Rf5 63. Rb7+ Kc6 64. Rb8 Kc7 65. Rg8 Kc6 66. Re8 Rh5 67. Kc1 Rh1+ 68. Kd2 Rh2+ 69. Re2 Rh5 70. Rf2 Kb5 71. Rf4 Rh2+ 72. Kc1 Rh5 73. Rc4 Rg5 74. Kd2 Rh5 75. d4 cxd4 76. Rxd4 Rh2+ 77. Kc1 Rh1+ 78. Rd1 Rh2 79. Rd5+ Kc6 80. Rg5 Kb6 81. Kd1 Kc6 82. Re5 Kb6 83. Re2 Rh5 84. Kd2 Kc5 85. Re4 Rh2+ 86. Kd3 Rh3+ 87. Re3 Rh5 88. Rg3 Kb5 89. Rf3 Kc5 90. Re3 Kb5 91. Kd4 Rh4+ 92. Re4 Rh2 93. Re5+ Kb6 94. Kd3 Rh3+ 95. Kc4 Rc3+ 96. Kxb4 Rxc2 97. Re6+ Kb7 98. Kb5 Kb8 99. b4 Rc8 100. Ka6 Ka8 101. Re7 Kb8 102. Kb6 Rh8 103. Rf7 Rh6+ 104. Ka5 Rg6 105. Rd7 Rh6 106. Kb5 Rg6 107. Kc5 Rh6 108. Re7 Rg6 109. Kc4 Rh6 110. Re5 Rg6 111. Kb5 Rh6 112. Rc5 Kb7 113. Rd5 Rb6+ 114. Kc4 Rc6+ 115. Rc5 Rxc5+ 116. Kxc5 Kc7 117. Kb5 Kb7 118. Ka5 Ka7 119. b5 Kb7 120. b6 Kb8 121. Kb5 Kb7 122. Kc5 Kb8 123. Kc6 Kc8 124. b7+ Kb8 125. Kb6 1/2-1/2

[Event "Wch Blitz"]
[Site "Samarkand"]
[Date "2023.12.29"]
[Round "8"]
[White "Terry, Renato"]
[Black "Grebnev, Aleksey"]
[Result "1-0"]
[WhiteElo "2522"]
[BlackElo "2525"]
[PlyCount "201"]
[EventDate "2023.12.29"]
[EventType "swiss (blitz)"]
[EventRounds "21"]
[EventCountry "UZB"]
[SourceTitle "CB01_2024"]
[SourceDate "2024.01.03"]
[SourceVersion "1"]
[SourceVersionDate "2024.01.03"]
[SourceQuality "1"]

1. d4 Nf6 2. Bg5 d5 3. e3 Bg4 4. Be2 Bxe2 5. Qxe2 c6 6. Nd2 Nbd7 7. Ngf3 e6 8. 0-0 Be7 9. h3 0-0 10. Bf4 Qb6 11. Rab1 c5 12. c3 Rac8 13. a3 h6 14. Rfd1 Rfd8 15. Bg3 Bf8 16. Bh4 Be7 17. Ne5 Qc7 18. f4 Nxe5 19. fxe5 Nh7 20. Bg3 a6 21. Rf1 Qd7 22. Qh5 Rf8 23. Bf4 f5 24. exf6 Nxf6 25. Qg6 Qe8 26. Qd3 Rc6 27. Be5 Nd7 28. Rxf8+ Bxf8 29. Bg3 Nf6 30. Be5 Nd7 31. Bg3 Nf6 32. Rf1 Be7 33. Be5 Rc8 34. Rf3 Nd7 35. Bh2 Nf6 36. Be5 Nd7 37. Bg3 Nf6 38. Kh1 Qh5 39. Be5 Nd7 40. Qe2 Bf6 41. Bh2 Rf8 42. e4 cxd4 43. cxd4 dxe4 44. Nxe4 Qd5 45. Nc3 Qc6 46. Re3 Bxd4 47. Rxe6 Rf1+ 48. Qxf1 Qxe6 49. Bg3 Bxc3 50. bxc3 Nf6 51. a4 Ne4 52. Be1 Nc5 53. a5 Qe4 54. Bf2 Nb3 55. Qd1 Qc4 56. Qd7 Qxc3 57. Qxb7 Qc4 58. Qb6 Kh7 59. Kh2 Qf4+ 60. Bg3 Qc4 61. Qd8 Qb5 62. Qd1 Nxa5 63. Qc2+ Kg8 64. Qc8+ Kh7 65. Qc2+ Kg8 66. Qc8+ Kf7 67. Qc7+ Kg6 68. Be5 Nc6 69. Qxg7+ Kf5 70. Bg3 Ke4 71. Qg6+ Ke3 72. Qxh6+ Ke2 73. Qe6+ Kd3 74. Qg6+ Ke2 75. Qe4+ Kd2 76. Bf4+ Kd1 77. Qe3 Kc2 78. Qd2+ Kb3 79. Qd1+ Ka2 80. Qc2+ Ka3 81. Bd6+ Nb4 82. Qc3+ Ka4 83. Qa1+ Kb3 84. Qb1+ Ka4 85. h4 a5 86. Qa1+ Kb3 87. Qd1+ Ka2 88. h5 Qg5 89. Qe2+ Kb3 90. Qf3+ Ka2 91. Bf4 Qf5 92. Qe2+ Nc2 93. Qc4+ Kb1 94. h6 Qh5+ 95. Kg3 Qg6+ 96. Kf2 Qf5 97. g3 Nb4 98. Qb3+ Ka1 99. h7 Nd3+ 100. Ke3 Nxf4 101. h8Q+ 1-0

[Event "Wch Rapid"]
[Site "Samarkand"]
[Date "2023.12.28"]
[Round "11"]
[White "Gareyev, Timur"]
[Black "Grebnev, Aleksey"]
[Result "1/2-1/2"]
[WhiteElo "2570"]
[BlackElo "2525"]
[PlyCount "248"]
[EventDate "2023.12.26"]
[EventType "swiss (rapid)"]
[EventRounds "13"]
[EventCountry "UZB"]
[SourceTitle "CB01_2024"]
[SourceDate "2024.01.03"]
[SourceVersion "1"]
[SourceVersionDate "2024.01.03"]
[SourceQuality "1"]

1. d4 Nf6 2. c4 e6 3. Nf3 d5 4. Nc3 c5 5. cxd5 cxd4 6. Qxd4 exd5 7. Bg5 Be7 8. e3 0-0 9. Bb5 a6 10. Ba4 h6 11. Bh4 Be6 12. 0-0 Nc6 13. Qd3 Qb6 14. Bb3 Rfd8 15. Rfd1 Qb4 16. Bxf6 Bxf6 17. Rac1 Qa5 18. h3 g6 19. Qd2 Qb6 20. Na4 Qa7 21. Nc5 Bf5 22. Bxd5 Ne7 23. e4 Nxd5 24. exd5 Kg7 25. g4 Rac8 26. Qe3 b6 27. gxf5 bxc5 28. fxg6 fxg6 29. Rc4 Qd7 30. Ne5 Qf5 31. Ng4 Qg5 32. Qxg5 Bxg5 33. Kg2 h5 34. Ne5 Bf6 35. Nc6 Re8 36. Rd2 Rc7 37. Rxc5 Rd7 38. b4 Bg5 39. Rdc2 Bf4 40. a4 Bd6 41. Ra5 Bf4 42. Nd4 Kh6 43. Rc6 Re4 44. Nf3 Rxb4 45. Raxa6 Rxd5 46. Rxg6+ Kh7 47. Rgb6 Rxb6 48. Rxb6 Ra5 49. Rb4 Bd6 50. Rd4 Bf8 51. Nd2 Kg6 52. Nc4 Ra6 53. a5 Kf5 54. Rd5+ Kg6 55. Rb5 Ra8 56. Rb6+ Kf5 57. a6 Ke4 58. Rf6 Bc5 59. Kf1 Kd4 60. Ne3 Rb8 61. Rf5 Ba7 62. Rxh5 Ke4 63. Ng4 Rb1+ 64. Kg2 Ra1 65. Re5+ Kf4 66. Re6 Ra2 67. Rf6+ Kg5 68. Rc6 Kf4 69. Rd6 Kg5 70. Rc6 Kf4 71. Rd6 Kg5 72. Re6 Kf4 73. Rc6 Kg5 74. Kg3 Ra3+ 75. Kg2 Ra2 76. Kf3 Kh4 77. Ne3 Kg5 78. Rd6 Kh4 79. Rg6 Kh5 80. Rc6 Kh4 81. Ke4 Rxf2 82. Rh6+ Kg3 83. Nf5+ Kg2 84. h4 Kh3 85. Nd6 Ra2 86. Nb5 Bg1 87. Kd5 Be3 88. Re6 Kxh4 89. Nd6 Rxa6 90. Re4+ Kg3 91. Rxe3+ Kf4 92. Re1 Ra5+ 93. Ke6 Ra6 94. Rf1+ Ke3 95. Kd5 Ra5+ 96. Kc4 Ra4+ 97. Kb3 Ra6 98. Rf6 Ra7 99. Kc3 Ra3+ 100. Kb4 Ra7 101. Nb5 Ra8 102. Re6+ Kd3 103. Nd6 Kd4 104. Re1 Rb8+ 105. Nb5+ Kd3 106. Kc5 Rc8+ 107. Kd5 Rd8+ 108. Nd6 Kd2 109. Re4 Rh8 110. Rg4 Ke3 111. Rg3+ Kf4 112. Ra3 Rh5+ 113. Kd4 Rh1 114. Rd3 Re1 115. Rd2 Re6 116. Nf7 Re4+ 117. Kd5 Ra4 118. Nd6 Ke3 119. Rb2 Ra5+ 120. Nb5 Ra8 121. Rb3+ Kf4 122. Nd6 Ra5+ 123. Kd4 Ra4+ 124. Nc4 Ra8 1/2-1/2

[Event "Wch Rapid"]
[Site "Samarkand"]
[Date "2023.12.27"]
[Round "9"]
[White "Grebnev, Aleksey"]
[Black "Petrosyan, Manuel"]
[Result "1-0"]
[WhiteElo "2525"]
[BlackElo "2619"]
[PlyCount "120"]
[EventDate "2023.12.26"]
[EventType "swiss (rapid)"]
[EventRounds "13"]
[EventCountry "UZB"]
[SourceTitle "CB01_2024"]
[SourceDate "2024.01.03"]
[SourceVersion "1"]
[SourceVersionDate "2024.01.03"]
[SourceQuality "1"]

1. d4 Nf6 2. c4 e6 3. Nc3 Bb4 4. e3 0-0 5. Bd3 c5 6. Nge2 d5 7. cxd5 cxd4 8. exd4 Nxd5 9. 0-0 Nc6 10. Nxd5 exd5 11. Nf4 Bd6 12. Be3 Bxf4 13. Bxf4 Qf6 14. Qh5 h6 15. Be5 Qg5 16. Qxg5 hxg5 17. Rac1 Be6 18. Rfe1 Rac8 19. f3 Rfd8 20. a3 a6 21. b4 Nxe5 22. dxe5 d4 23. Kf2 Rc3 24. Rxc3 dxc3 25. Ke3 Bb3 26. Rc1 Rc8 27. Be4 Rc7 28. Kd3 c2 29. Kd2 Rd7+ 30. Kc3 Rd1 31. Kb2 Rxc1 32. Kxc1 b6 33. Bxc2 Bd5 34. Kd2 Kf8 35. Ke3 Ke7 36. Kd4 Bb7 37. Be4 Bc8 38. Bd5 Bd7 39. Bc4 Bc8 40. g3 Bb7 41. Bd5 Bc8 42. f4 gxf4 43. gxf4 f6 44. Bb3 Bb7 45. a4 a5 46. bxa5 bxa5 47. Kc5 g5 48. fxg5 fxe5 49. h4 Bf3 50. Bd5 e4 51. Kb5 Bg2 52. Kxa5 e3 53. Bc4 Bf3 54. Kb6 e2 55. Bxe2 Bxe2 56. a5 Kd6 57. a6 Bf3 58. a7 Kd7 59. g6 Ke6 60. Kc7 Kd5 1-0

[Event "Wch Rapid"]
[Site "Samarkand"]
[Date "2023.12.26"]
[Round "5"]
[White "Grebnev, Aleksey"]
[Black "Sindarov, Javokhir"]
[Result "1/2-1/2"]
[WhiteElo "2525"]
[BlackElo "2701"]
[PlyCount "158"]
[EventDate "2023.12.26"]
[EventType "swiss (rapid)"]
[EventRounds "13"]
[EventCountry "UZB"]
[SourceTitle "CB01_2024"]
[SourceDate "2024.01.03"]
[SourceVersion "1"]
[SourceVersionDate "2024.01.03"]
[SourceQuality "1"]

1. d4 Nf6 2. c4 c6 3. Nf3 d5 4. Nc3 dxc4 5. a4 Bf5 6. Ne5 Nbd7 7. Nxc4 Nb6 8. Ne5 a5 9. e3 Nbd7 10. Nc4 Qc7 11. Be2 e5 12. 0-0 Be6 13. f4 exd4 14. exd4 Bb4 15. Ne3 Nb6 16. f5 Bd5 17. Ng4 Bd6 18. h3 0-0-0 19. Bd2 h5 20. Ne3 Kb8 21. Rc1 Qe7 22. Nexd5 Nbxd5 23. Nxd5 Nxd5 24. Rf3 Bb4 25. Bc4 Rhe8 26. Bxb4 Nxb4 27. Qd2 Qf6 28. Rd1 Re4 29. Rf4 Rdxd4 30. Qxd4 Rxd4 31. Rdxd4 Kc7 32. b3 c5 33. Rd1 Nc6 34. Rf2 Nd4 35. Re1 Kd6 36. Ref1 Kc7 37. Rf4 Qe5 38. f6 gxf6 39. Rxf6 Qe3+ 40. Kh1 Ne2 41. Rxf7+ Kb8 42. Bxe2 Qxe2 43. R7f4 Qd3 44. R1f3 Qd1+ 45. Kh2 Qd6 46. Kg3 Qg6+ 47. Kh4 Qxg2 48. Kxh5 c4 49. bxc4 Qc2 50. c5 Qxc5+ 51. Rf5 Qb4 52. R3f4 Qd2 53. h4 Qe3 54. Kg5 Qe7+ 55. Kg6 Qe6+ 56. Kg7 Qe7+ 57. Rf7 Qe5+ 58. Kg8 Ka7 59. R7f5 Qe6+ 60. Kg7 Qe7+ 61. Kg8 Qe8+ 62. Kh7 Qe7+ 63. Rf7 Qe5 64. R4f5 Qe4 65. h5 Qxa4 66. h6 Qe4 67. Kg8 Qg4+ 68. Kf8 Qb4+ 69. Re7 Qc3 70. Rfe5 Qf3+ 71. Rf7 Qc3 72. Re6 Qc8+ 73. Re8 Qc3 74. Kg8 Qc6 75. Ree7 Qxh6 76. Rxb7+ Ka6 77. Ra7+ Kb5 78. Rf5+ Kb4 79. Raxa5 Qe6+ 1/2-1/2

[Event "Wch Rapid"]
[Site "Samarkand"]
[Date "2023.12.26"]
[Round "3"]
[White "Niemann, Hans Moke"]
[Black "Grebnev, Aleksey"]
[Result "1/2-1/2"]
[WhiteElo "2667"]
[BlackElo "2525"]
[PlyCount "81"]
[EventDate "2023.12.26"]
[EventType "swiss (rapid)"]
[EventRounds "13"]
[EventCountry "UZB"]
[SourceTitle "CB01_2024"]
[SourceDate "2024.01.03"]
[SourceVersion "1"]
[SourceVersionDate "2024.01.03"]
[SourceQuality "1"]

1. e4 c5 2. Nf3 d6 3. Bb5+ Bd7 4. c4 Nf6 5. Nc3 g6 6. Bxd7+ Qxd7 7. d4 cxd4 8. Nxd4 Bg7 9. f3 Nc6 10. Be3 0-0 11. 0-0 a6 12. Nb3 Rac8 13. Na4 Qc7 14. Nb6 Rcd8 15. Qd2 e6 16. Rac1 Nd7 17. Nd5 exd5 18. cxd5 Nc5 19. dxc6 Nxb3 20. axb3 bxc6 21. Rfd1 Qb7 22. b4 d5 23. f4 Rfe8 24. e5 f6 25. exf6 Bxf6 26. Bc5 Re4 27. Re1 Rde8 28. Rxe4 Rxe4 29. Re1 Rxe1+ 30. Qxe1 Kf7 31. Qe2 Be7 32. Qxe7+ Qxe7 33. Bxe7 Kxe7 34. g4 h5 35. h3 hxg4 36. hxg4 Kf6 37. Kf2 Ke6 38. Ke3 Kf6 39. Kd4 Ke6 40. Kc5 Kd7 41. Kd4 1/2-1/2

[Event "RUS Cup final"]
[Site "Khanty-Mansiysk"]
[Date "2023.12.06"]
[Round "1.2"]
[White "Grebnev, Aleksey"]
[Black "Makarian, Rudik"]
[Result "1-0"]
[WhiteElo "2525"]
[BlackElo "2530"]
[PlyCount "89"]
[EventDate "2023.12.05"]
[EventType "k.o."]
[EventRounds "4"]
[EventCountry "RUS"]
[SourceTitle "CB50_2023"]
[SourceDate "2023.12.13"]
[SourceVersion "1"]
[SourceVersionDate "2023.12.13"]
[SourceQuality "1"]

1. d4 Nf6 2. c4 e6 3. Nc3 d5 4. cxd5 exd5 5. Bg5 Bb4 6. e3 h6 7. Bxf6 Qxf6 8. Rc1 0-0 9. a3 Bxc3+ 10. Rxc3 Bf5 11. Qb3 c6 12. Qxb7 Nd7 13. Rxc6 Qe7 14. Qb4 Qe4 15. Qc3 Ne5 16. Rc5 Rac8 17. f3 Qb1+ 18. Kf2 Rxc5 19. dxc5 Nd3+ 20. Bxd3 Bxd3 21. Ne2 Qxh1 22. Qxd3 Qxh2 23. Qd4 Qh1 24. b4 Qb1 25. a4 a6 26. Nc3 Qc2+ 27. Kg1 Re8 28. b5 axb5 29. axb5 Qc1+ 30. Nd1 Rc8 31. c6 Qb1 32. Qxd5 Qb4 33. Kf2 Qh4+ 34. Ke2 Rd8 35. Qb3 Qg3 36. Nf2 Qc7 37. Qc4 Qd6 38. Ne4 Qe5 39. Kf2 Qb2+ 40. Kg3 Rc8 41. Qc5 Qb1 42. b6 Qe1+ 43. Nf2 h5 44. b7 h4+ 45. Kh2 1-0